000 00697nam a2200217Ia 4500
003 GCL
008 140319s9999 xx 000 0 ara d
040 _aGCL /
_cGCL
082 0 4 _a892.3009
_bم ت
100 1 _aمراد كامل
245 1 0 _aتاريخ الادب السريانى من نشاته الى العصر الحاضر /
_cمراد كامل
700 1 _aمحمد حمدى البكرى
700 1 _aزكية محمد رشدى
260 _a[S.N] :
_bدار الثقافة للنشر والتوزيع ،
_c1987
300 _a382 ص
490 _a
650 0 4 _aالادب السريانى
650 0 4 _aتاريخ ونقد
650 0 4 _aالمجموعات
942 _2ddc
_cBK
999 _c31785
_d31785